00801 2200265 4500001002100000005001700021008004100038020002000079035002500099040001200124082002000136084002000156090002000176100002200196245010800218260002900326300003400355504003100389650001900420700002500439700001900464700001800483850001200501990002200513INLIS00000000000388120150414082003.0  a978-979-29-2264 a0010-041500000000947 aYOPDYOG aDEP 303.6 Yad K aDEP 303.6 Yad K aDEP 303.6 Yad K aYADIMAN, H, 1966- aKonflik sosial dan anarkisme/cH. Yadiman, Rycko Amelza Dahniel ; editor, Monica Bendatu, Erang Risanto aYogyakarta:bAndi,c2013 axvi, 236 hlm.:bilus.;c23 cm aBibliografi : hlm. 227-234 aKonflik sosial aRycko Amelza Dahniel aMonica Bendatu aErang Risanto aYOPDYOG aCB-D.11 2013-1679